|
|
|
|
| LEADER |
01230nam a2200325Ia 4500 |
| 001 |
EBC348658 |
| 003 |
MiAaPQ |
| 005 |
20200520144314.0 |
| 006 |
m o d | |
| 007 |
cr cn||||||||| |
| 008 |
751010s2008 enka s 000 0 eng d |
| 020 |
|
|
|z 9781846637780
|
| 035 |
|
|
|a (MiAaPQ)EBC348658
|
| 035 |
|
|
|a (Au-PeEL)EBL348658
|
| 035 |
|
|
|a (CaPaEBR)ebr10229718
|
| 035 |
|
|
|a (CaONFJC)MIL138532
|
| 035 |
|
|
|a (OCoLC)244482160
|
| 040 |
|
|
|a MiAaPQ
|c MiAaPQ
|d MiAaPQ
|
| 050 |
|
4 |
|a HG4001
|b .M3634 2008
|
| 245 |
0 |
0 |
|a Managerial finance.
|n Volume 34, Number 4,
|p Exchange ratios for merging campanies
|h [electronic resource] /
|c Guest editor: Enrico Moretto.
|
| 260 |
|
|
|a [Bradford, England] :
|b Emerald,
|c 2008.
|
| 300 |
|
|
|a p. 218-281 :
|b ill.
|
| 490 |
0 |
|
|a Managerial finance ;
|v v. 34, no. 4
|
| 533 |
|
|
|a Electronic reproduction. Ann Arbor, MI : ProQuest, 2015. Available via World Wide Web. Access may be limited to ProQuest affiliated libraries.
|
| 650 |
|
0 |
|a Business enterprises
|x Finance.
|
| 650 |
|
0 |
|a Corporations
|x Finance.
|
| 655 |
|
4 |
|a Electronic books.
|
| 700 |
1 |
|
|a Moretto, Enrico.
|
| 710 |
2 |
|
|a ProQuest (Firm)
|
| 856 |
4 |
0 |
|u https://ebookcentral.proquest.com/lib/matrademy/detail.action?docID=348658
|z Click to View
|